|
|
|
|
| LEADER |
00000nam a22000007a 4500 |
| 005 |
20140122132856.0 |
| 007 |
cr|||| |||| |
| 008 |
140122s2010 sp |||||s|||| 00||0 spa d |
| 020 |
|
|
|a 8415000030
|
| 035 |
|
|
|a 5825
|
| 040 |
|
|
|a vLex
|
| 090 |
|
|
|c 4660
|d 4660
|
| 245 |
0 |
3 |
|a La negociacin̤ colectiva ante la crisis econm̤ica
|h [Recurso electrn̤ico] /
|c Ricardo Boas Marn̕ (coord.), Antonio Baylos Grau, Amparo Merino Segovia [et.al]
|
| 256 |
|
|
|a Servicio en ln̕ea
|
| 260 |
|
|
|a Albacete :
|b Editorial Bomarzo,
|c 2010
|
| 300 |
|
|
|a 1 recurso electrn̤ico
|
| 506 |
1 |
|
|a Contenido solo disponible en los productos indicados
|d vLex Global
|d vLex Global (Academic Edition, excluding Law Schools)
|d vLex Global (U.S. Academic Edition, Law Schools)
|d vLex Global (U.S. Academic Edition, excluding Law Schools)
|d vLex Global (Academic Edition, Law Schools)
|
| 650 |
0 |
4 |
|a Negociaciones colectivas de trabajo
|
| 650 |
0 |
4 |
|a Crisis econm̤icas
|
| 650 |
0 |
4 |
|a Negociaciones
|
| 700 |
1 |
|
|a Bodas Martn̕, Ricardo
|
| 700 |
1 |
|
|a Merino Segovia, Amparo
|
| 700 |
1 |
|
|a Ballester Pastor, Mara̕ Amparo
|
| 700 |
1 |
|
|a Aramendi Sǹchez, Pablo
|
| 700 |
1 |
|
|a Přez Rey, Joaquin
|
| 700 |
1 |
|
|a Trillo Pr̀raga, Francisco
|
| 740 |
0 |
|
|a vLex Libros (Servicio en ln̕ea)
|
| 856 |
4 |
0 |
|u http://vlex.com/source/negociacion-colectiva-5825
|z Acceso restringido
|
| 942 |
|
|
|c BOOK
|
| 999 |
0 |
|
|a Management--Employee participation
|
| 999 |
0 |
|
|a Negotiation in business
|
| 999 |
0 |
|
|a Depressions
|